| 000 | 00635nam a2200205 a 4500 | ||
|---|---|---|---|
| 005 | 20140412111317.0 | ||
| 008 | 010417s19uu xx 00 eng d | ||
| 020 | _a0-516-41609-X | ||
| 050 |
_aM 598 _bF917 1981 |
||
| 100 | _aFriskey, Margaret | ||
| 245 |
_aBirds we know / _cby Margaret Friskey. |
||
| 260 |
_aChicago : _bChildrens Press, _c1981. |
||
| 300 | _a48p. ; ill. | ||
| 440 | _aA New True Book | ||
| 500 | _aInlcudes index. | ||
| 520 | _aAn elementary introduction to different kinds of birds and some of their more interesting behavior. | ||
| 650 | _aBirds-Juvenile literature | ||
| 650 | _aBirds | ||
| 999 |
_c104269 _d104269 |
||